Možnosti a rizika konverze českých účetních závěrek na IFRS a jejich počítačové řešení

Analýza konverzie na úrovni transakcií, parametre konverzie a a výhody a nevýhody tohto riešenia, riziká a obmedzenia. Rozhodovanie pri výbere variantu konverzie závierky. Rekapitulácia hlavných pretrvávajúcich rozdielov mezi ČÚS a IFRS: v súvahe, výsledovke a iné. Dôsledok závažnosti rozdielov medz...

Full description

Saved in:
Bibliographic Details
Main Author: Mejzlík, Ladislav
Format: Book Chapter
Language:Czech
Subjects:
Tags: Add Tag
No Tags, Be the first to tag this record!

MARC

LEADER 00000naa$a2200000$$$4500
001 0051405
005 20230509081635.3
041 0 |a cze 
044 |a CZ 
245 1 0 |a Možnosti a rizika konverze českých účetních závěrek na IFRS a jejich počítačové řešení  |c Ladislav Mejzlík 
520 |a Analýza konverzie na úrovni transakcií, parametre konverzie a a výhody a nevýhody tohto riešenia, riziká a obmedzenia. Rozhodovanie pri výbere variantu konverzie závierky. Rekapitulácia hlavných pretrvávajúcich rozdielov mezi ČÚS a IFRS: v súvahe, výsledovke a iné. Dôsledok závažnosti rozdielov medzi ČÚS a IFRS. 
610 2 0 |a systémy počítačové 
610 2 0 |a konverzia dát 
610 2 0 |a výsledovka 
610 2 0 |a Česko 
610 2 0 |a IFRS 
610 2 0 |a závierka účtovná 
610 2 0 |a účtovníctvo 
610 2 0 |a výkazníctvo účtovné 
610 2 0 |a výkaz ziskov a strát 
610 2 0 |a súvaha 
610 2 0 |a knihy účtovné 
610 2 0 |a kontroling 
100 1 |a Mejzlík, Ladislav